Rozhodování jednotlivce teorie a skutečnost
Enregistré dans:
| Auteur principal: | |
|---|---|
| Collectivité auteur: | |
| Format: | Livre |
| Langue: | tchèque |
| Publié: |
Praha
Univerzita Karlova v Praze. Nakladatelství Karolinum
2005
|
| Sujets: | |
| Tags: |
Pas de tags, Soyez le premier à ajouter un tag!
|
MARC
| LEADER | 00000nam$a2200000$$$4500 | ||
|---|---|---|---|
| 001 | 0040659 | ||
| 005 | 20221129082935.9 | ||
| 020 | |a 80-246-0960-6 | ||
| 041 | 0 | |a cze | |
| 044 | |a CZ | ||
| 245 | 1 | 0 | |a Rozhodování jednotlivce |b teorie a skutečnost |c Michal Skořepa |
| 264 | 1 | |a Praha |b Univerzita Karlova v Praze. Nakladatelství Karolinum |c 2005 | |
| 300 | |a 155 s. | ||
| 610 | 2 | 0 | |a rozhodovanie |
| 610 | 2 | 0 | |a veda |
| 610 | 2 | 0 | |a rozhodovanie individuálne |
| 610 | 2 | 0 | |a heuristika |
| 610 | 2 | 0 | |a dejiny |
| 610 | 2 | 0 | |a metodológia |
| 610 | 2 | 0 | |a modely |
| 610 | 2 | 0 | |a výskum |
| 610 | 2 | 0 | |a psychológia |
| 610 | 2 | 0 | |a matematika |
| 610 | 2 | 0 | |a teória hier |
| 610 | 2 | 0 | |a úžitok |
| 610 | 2 | 0 | |a optimalizácia |
| 610 | 2 | 0 | |a analýza rozhodovacia |
| 610 | 2 | 0 | |a motivácia |
| 610 | 2 | 0 | |a teória a prax |
| 100 | 1 | |a Skořepa, Michal | |
| 710 | 2 | |a Univerzita Karlova v Praze | |